Etiqueta de registo: 00000nam 2200025 450
001 2075454
003 http://id.bnportugal.gov.pt/bib/catbnp/2075454
010 ## $a978-989-37-1009-8
021 ## $aPT$b483289/21
100 ## $a20210709d2021 c y0pory01030103ba
101 0# $apor
102 ## $aPT
105 ## $aa z 000fy
106 ## $ar
200 1# $a Um ponto azul... do tamanho do céu!$fSofia Maurício$gil. Marta Serrão de Faria
205 ## $a1ª ed
210 #9 $aLisboa$cFlamingo,$d2021
215 ## $a31 p.$cil.$d18 cm
675 ## $a087.5$vBN$zpor$3287999
675 ## $a821.134.3-93"20"$vBN$zpor$31046482
675 ## $a821.134.3-34"20"$vBN$zpor$31018838
700 #1 $aMaurício,$bSofia,$f1969-$31813970
702 #1 $aFaria,$bMarta Serrão de$4440$31813972
801 #0 $aPT$bBN$gRPC
856 41 $uhttp://rnod.bnportugal.gov.pt/ImagesBN/winlibimg.aspx?skey=&doc=2075454&img=154531&save=true
900 ## $aBIBNAC$d20210920
966 ## $lBN$mFGMON$sP. 26250 P.$x1
972 ## $e0$d20210920$vasantos
973 ## $cmlsousa $d20210824
974 ## $d20210907$e0$vaalmeid